000 03743nam a22004217a 4500
001 0009103
003 KOHA_MİRAKIL
005 20260207001658.0
007 ta
008 091015b2003 tu |||gr||||#||||0|tur |
020 _a9753627041
040 _aTR-BiSEU
_btur
_cTR-BiSEU
_erda
041 0 _atur
044 _ctu
050 _aHS125
_b.V38 2003
100 1 _aVatandaş, Aydoğan.
245 1 _aEzoterika :
_bgizli cemiyetler/
_cAydoğan Vatandaş ; Aydoğan Vatandaş.
264 1 _aİstanbul :
_bTimaş Yayınları
_c2003
300 _a380 sayfa: resimli
336 _ametin
_btxt
_2rdacontent
337 _aaracısız
_bn
_2rdamedia
338 _acilt
_bnc
_2rdacarrier
490 1 _aTimaş Yayınları ;
_v792.
490 1 _aYaşadığımız dünya dizisi ;
_v27.
500 _aKaynakça var.
505 _aGizli Cemiyetlerin "giz"i aralanıyor...
_xHer kitabı olay olan, önce yasaklanan ve sonra serbest bırakılan Armagedon'un yazarı Aydoğan Vatandaş'tan yine çok tartışılacak bir kitap: Ezoterika/ Gizli Cemiyetler.Türkiye/İsrail gizli savaşına ilişkin belgelerle ve Gölcük depreminin sismik deneylerle ilişkisinin olabileceğine dair iddiaları ve ortaya sürdüğü kanıtlarla tartışmalar uyandıran araştırmacı-gazeteci ydoğan Vatandaş yine ses getirecek bir çalışmaya imza attı.
_xDünya tarihinin aynı zamanda Gizli Örgütlerin tarihi olduğu söylenir. İşin doğrusu. bu tür örgütlerin yer altı tünellerinde büyülü ayinler düzenleyen bir avuç insandan. her yıl dünyanın kaderini masaya yatıran büyük finansör ve devlet adamlarının kaymak tabakasına kadar geniş bir yelpazeye yayıldığıdır. Fakat onlar hakkında objektif bilgiler bulmak pek de kolay değildir. Araştırmacıların çoğu ya seçtiği bir grubun zararsız hayırsever bir kulüp olduğunu tespit etmeye. ya da aynı grubun şimdiye kadar gerçekleştirilen her kanlı devrimden ya da iğrenç komplolardan sorumlu olduklarını tespit etmeye gayret gösterirler. Bu iddialarla ilgili en sağlıklı bilgiye ulaşmak için yapılacak en doğru şey; Gizli Örgütlerin izlerinin antik çağlara kadar götürülebileceğine ilişkin kanıtlar bulmaktır.
_xAydoğan Vatandaş Ezoterika'da bu düşünceden hareketle. bugünün gizli/gizemli örgütleri arasında bulunan/bulunabilecek olan belli bazı özellikleri deşifre etmeyi hedefliyor. Bunu takiben tarihi kayıtlarda güvenilir bilgileri mevcut olan çeşitli tarihi grup ve cemiyetlerdeki bu özelliklerin göstergelerinin izlerini sürüyor.
_xTarihin gizli cemiyetlerin fısıltılarıyla. eski uygarlıkların yasak bilgilerini koruyan rahiplerin sözleriyle dolu olduğunu ifade eden Aydoğan Vatandaş. uygarlıkların geleceğini yönlendiren. karanlık sırların zehirli kadehinden içen gizli cemiyetler dün olduğu gibi bugün de dünyayı yönetme iddiasında olduklarını söylüyor.
_xEzoterika'da yazar; gizli cemiyetlerin esrarengiz dünyasına bir yolculuğa çıkarıyor okuyucusunu. Yetişkin insanların düzenli olarak gittikleri masonik toplantılarda sadece komik elbiseler/üniformalar giyip. mum taşımak ve el ele tutuşmak için bir araya gelmediklerine dikkat çekiyor.
_xYazarın daha önce yayınevimizden; Armagedon, Apokalipse ve Haarp isimli kitapları yayınlandı
650 0 _aEzoterik astroloji.
_922686
650 0 _aGizli Kurumlar.
_922687
650 0 _aHoroskoplar.
_922688
650 0 _aMasonluk.
_922689
650 0 _aHoroscopes.
_922690
650 0 _aEsoteric astrology.
_922691
650 0 _aSecret societies.
_912436
650 0 _aFreemasonry.
_922692
830 1 _aTimaş Yayınları ;
_v792.
_99767
830 1 _aYaşadığımız dünya dizisi ;
_v27.
_98662
942 _2lcc
_cBK
999 _c9075
_d9075